00600nam a2200145Ia 4500008004100000100001300041245015600054245009500210260003000305260000900335300000800344650001800352650001500370856006900385170221s9999 xx 000 0 und d aS. Oudji aRadiofrequency Interconnection between Smart Grid and Smart Meters Using KNX-RF and 2.4 GHz Standard Protocols for Efficient Home Automation Applicati  cS. Oudji, S. Courrè€ges, J.N. Paillard, P. Magneron, V. Meghdadi, C. Brauers, and R. Kays bJournal of Communications c2012 a3 : xCommunication xMedia Arts uhttp://www.jocm.us/index.php?m=content&c=index&a=lists&catid=152